Las condiciones sociales de surgimiento de una iglesia popular /
Gespeichert in:
| 1. Verfasser: | |
|---|---|
| Format: | Text |
| Sprache: | Spanish |
| Veröffentlicht: |
San José :
1982
|
| Tags: |
Tag hinzufügen
Keine Tags, Fügen Sie den ersten Tag hinzu!
|
MARC
| LEADER | 00000 a a2200000 04500 | ||
|---|---|---|---|
| 001 | 14616 | ||
| 003 | cru CRAI/IIS | ||
| 005 | 20210512162351.0 | ||
| 008 | 210512b |||||||| |||| 00| 0 spa d | ||
| 040 | |c cru CRAI/IIS | ||
| 090 | |a 02160.00 | ||
| 100 | |a Opazo Bernales, Andrés | ||
| 245 | 1 | 4 | |a Las condiciones sociales de surgimiento de una iglesia popular / |c Andrés Opazo Bernales |
| 260 | |a San José : |c 1982 | ||
| 300 | |a 56 p. | ||
| 500 | |a Colección Centroamérica | ||
| 942 | |2 ddc |c LI | ||
| 999 | |c 11215 |d 11215 | ||
